000 00946nam a2200253 i 4500
001 bg
245 0 0 _aGeografia Unii Europejskiej /
_cred. nauk. Jerzy Makowski.
260 _aWarszawa :
_bWydawnictwo Naukowe PWN,
_c2008.
300 _a196, [1] s. :
_bil. (w tym kolor.) ;
_c24 cm.
504 _aBibliogr. przy rozdz. Indeks.
521 8 _aDla studentów oraz wykładowców geografii, politologii, stosunków międzynarodowych, turystyki, ekonomii oraz gospodarki przestrzennej i zarządzania.
651 9 _aKraje Unii Europejskiej
_xgeografia gospodarcza
655 _aPodręczniki akademickie
700 1 _aMakowski, Jerzy
_d(1946- ).
_eRed.
020 _a9788301156336
040 _cBPK
041 _apol
044 _aPOL
080 _a913(4-67):33(075.8)
920 _a978-83-01-15633-6
942 _cKS
008 s pl f |000 0 pol
999 _c56016
_d56016
856 _uhttp://koha.tu.koszalin.pl/cgi-bin/koha/opac-detail.pl?biblionumber=56016
_yKatalog online BPK